Цифры и комментарии. 2016 (Запись № 12162943)
[ простой вид ]
| 000 -МАРКЕР | |
|---|---|
| контрольное поле | 01334nam2a2200253 4500 |
| 001 - ИДЕНТИФИКАТОР ЗАПИСИ | |
| контрольное поле | RU\NLR\BIBL_A\012155207 |
| 005 - ИДЕНТИФИКАТОР ВЕРСИИ | |
| контрольное поле | 20250623215118.0 |
| 035 ## - ДРУГИЕ СИСТЕМНЫЕ НОМЕРА | |
| Идентификатор записи | (NLR Aleph) 012155207 |
| 100 ## - ДАННЫЕ ОБЩЕЙ ОБРАБОТКИ | |
| Данные общей обработки | 20191204d2017 |||y0rusy50 ca |
| 101 0# - ЯЗЫК РЕСУРСА | |
| Язык текста, звукозаписи и т.д. | русский |
| 102 ## - СТРАНА ПУБЛИКАЦИИ ИЛИ ПРОИЗВОДСТВА | |
| Страна публикации | Российская Федерация |
| 105 ## - ПОЛЕ КОДИРОВАННЫХ ДАННЫХ: ТЕКСТОВЫЕ МАТЕРИАЛЫ, МОНОГРАФИЧЕСКИЕ | |
| Кодированные данные о монографическом текстовом документе | a|||z|||000zy |
| 200 0# - ЗАГЛАВИЕ И СВЕДЕНИЯ ОБ ОТВЕТСТВЕННОСТИ | |
| Основное заглавие | 2016 |
| 210 ## - ПУБЛИКАЦИЯ, РАСПРОСТРАНЕНИЕ И ДР. | |
| Дата издания, распространения и т.д. | 2017 |
| Место издания, распространения и т.д. | Б. м. |
| 215 ## - ФИЗИЧЕСКАЯ ХАРАКТЕРИСТИКА | |
| Специфическое обозначение материала и объем | 51 с. |
| Другие сведения о физической характеристике | цв. ил. |
| 300 ## - ОБЩИЕ ПРИМЕЧАНИЯ | |
| Текст примечания | В макете загл.: Отчет о работе Корпоративной сети общедоступных библиотек Санкт-Петербурга в 2015 году |
| 461 #0 - УРОВЕНЬ НАБОРА | |
| Встроенное поле | 001RU\NLR\BIBL_A\012172816 |
| -- | 2001#$aЦифры и комментарии$fКорпоративная сеть общедоступных библиотек$g[составитель: Т.А. Корякова]$v2016 |
| Системный номер (АБИС) связанной записи | 12249139 |
| Место публикации | СПБ |
| Дата публикации | 2017 |
| Первые сведения об ответственности | Корпоративная сеть общедоступных библиотек |
| Имя издателя, распространителя и т.д. | КСОБ |
| Заглавие | Цифры и комментарии |
| Номер тома | 2016 |
| 517 1# - ДРУГИЕ ВАРИАНТЫ ЗАГЛАВИЯ | |
| Вариант заглавия | Отчет о работе Корпоративной сети общедоступных библиотек Санкт-Петербурга в 2015 году |
| 942 ## - ДОПОЛНИТЕЛЬНЫЕ ЭЛЕМЕНТЫ ЗАПИСИ (АБИС) | |
| Тип экземпляра АБИС | Книга |
| 980 ## - КОЛЛЕКЦИЯ | |
| Название коллекции | Национальная библиография |
| Тип экземпляра | Дата поступления | Источник поступления | Стоимость | Библиотека постоянного хранения | Библиотека текущего хранения | Место хранения | Шифр хранения | Штрих-код | Статус экземпляра |
|---|---|---|---|---|---|---|---|---|---|
| Книга | 04.12.2019 | Дар | 50.00 | РНБ (Садовая) | РНБ (Садовая) | Фонд литературы по библиотековедению | Б 4150/0-88 | 1-2908572 |